| 000 | 00874nam a2200241 a 4500 | ||
|---|---|---|---|
| 001 | 16261 | ||
| 003 | BD-RjUL | ||
| 005 | 20211209000003.0 | ||
| 008 | 161229r19641960pk b 000 0 eng d | ||
| 035 | _a(BD-RjUL)16316 | ||
| 040 |
_aEZC _cEZC _dEQO _dBD-RjUL _beng |
||
| 041 | 1 | _aeng/ara | |
| 082 |
_a297.125 _bALH 1964 _223 |
||
| 245 | 1 | 0 |
_aAl-Hadis : _ban English translation and commentary of Mishkat-ul-Masabih / _cwith vowel-pointed Arabic text and suitable arrangements into chapters and sections by al-Haj Maulana Fazlul Karim |
| 250 | _a2nd ed. | ||
| 260 |
_aLahore : _bThe Book House, _c1960-64 |
||
| 300 |
_aVol. ; _c23 cm |
||
| 500 | _aA commentary on the hadith collected by al-Baghawī under title: Maṣābīḥ al-sunnah | ||
| 505 | _aVol. 1. -- V. 2. -- V. 3. -- V. 3. -- | ||
| 650 | 0 |
_aHadith _950288 |
|
| 700 | 1 |
_aKarim, Fazlul _950289 |
|
| 942 |
_2ddc _cBK |
||
| 999 |
_c16261 _d16261 |
||